000 00500nam a2200181Ia 4500
008 090122s9999 xx 000 0 und d
082 _b12348
100 _aकाळे
_bविजया
245 _aबहर
260 _bश्रीकल्प
_c2007
300 _a122
501 _aज्ञानदा ग्रंथ वितरण / बि. नं.903-21.11.07
600 _aकाळे
630 _aबहर
700 _aकाळे
730 _aबहर
942 _cBOOK
999 _c36425
_d36425